00368 2200157 4500001002100000005001500021035002000036245003700056100001100093300001200104260004200116082000800158084001400166020001800180990001200198INLIS00000000000171120250502102556 a0010-05250000031 aLintas Scorpio /cJ. Gulton, B.A0 aGulton a137 hlm aYogyakarta :bMitra Gama Widya,c1997 a813 a813 GUL l a979-507-209-9 a0754626